Transport in the 21st century (Record no. 74783)
[ view plain ]
| 000 -LEADER | |
|---|---|
| fixed length control field | 00976cab a2200217 4500 |
| 001 - CONTROL NUMBER | |
| control field | ABS68780 |
| 008 - FIXED-LENGTH DATA ELEMENTS--GENERAL INFORMATION | |
| fixed length control field | 050209n2005 000 0 eng u |
| 035 ## - SYSTEM CONTROL NUMBER | |
| System control number | (Sirsi) u128741 |
| 100 ## - MAIN ENTRY--PERSONAL NAME | |
| Personal name | Simpkins, E. |
| 245 ## - TITLE STATEMENT | |
| Title | Transport in the 21st century |
| 260 ## - PUBLICATION, DISTRIBUTION, ETC. | |
| Date of publication, distribution, etc. | 2005 |
| 490 ## - SERIES STATEMENT | |
| Series statement | RICS Business |
| Volume/sequential designation | February 2005, 14-17(4) |
| 520 ## - SUMMARY, ETC. | |
| Summary, etc. | Asks whether the government strategic commitment to building more transport infrastructure as outlined in its White Paper "The future of transport" (ISBN 0101623429) is sufficient to solve the road congestion problem or must universal road pricing be introduced. Looks at the local effectiveness of light rail and tram schemes, comments on transport development as a driver of regeneration and notes RICS work on transport development zones. |
| 590 ## - LOCAL NOTE (RLIN) | |
| Local note | ABS |
| 650 ## - SUBJECT ADDED ENTRY--TOPICAL TERM | |
| Topical term or geographic name entry element | TRANSPORT INFRASTRUCTURE |
| 650 ## - SUBJECT ADDED ENTRY--TOPICAL TERM | |
| Topical term or geographic name entry element | LIGHT RAIL |
| 650 ## - SUBJECT ADDED ENTRY--TOPICAL TERM | |
| Topical term or geographic name entry element | TRAMS |
| 650 ## - SUBJECT ADDED ENTRY--TOPICAL TERM | |
| Topical term or geographic name entry element | TRANSPORT POLICY |
| 690 ## - LOCAL SUBJECT ADDED ENTRY--TOPICAL TERM (OCLC, RLIN) | |
| Topical term or geographic name as entry element | TRANSPORT AND COMMUNICATIONS |
| 942 ## - ADDED ENTRY ELEMENTS (KOHA) | |
| Suppress in OPAC | 0 |
| Withdrawn status | Lost status | Source of classification or shelving scheme | Damaged status | Not for loan | Home library | Current library | Shelving location | Date acquired | Total Checkouts | Full call number | Barcode | Date last seen | Copy number | Price effective from | Koha item type |
|---|---|---|---|---|---|---|---|---|---|---|---|---|---|---|---|
| Dewey Decimal Classification | London | London | Journal article | 09/02/2005 | ABS68780 | 128741-1001 | 06/08/2019 | 1 | 06/08/2019 | Journal article |